[Event "Hellertaler SF 1 - SG Solingen 4"]
[Site "NRW-Klasse - Gruppe 4 2021/20"]
[Date "2021.11.07"]
[Round "1.3"]
[White "Hannewald, Anton"]
[Black "Petri, Wolfgang"]
[Result "1-0"]
[WhiteElo "2033"]
[BlackElo "1920"]
[Annotator "daniel"]
[PlyCount "67"]
[EventDate "2021.??.??"]
[SourceVersionDate "2020.03.16"]
[WhiteTeam "SG Solingen 4"]
[BlackTeam "Hellertaler SF 1"]

1. e4 c5 2. Nf3 Nc6 3. d4 cxd4 4. Nxd4 Nf6 5. Nc3 e5 6. Ndb5 d6 7. Bg5 a6 8.
Na3 Be6 9. Nc4 Rc8 10. Ne3 Be7 11. Bxf6 Bxf6 12. Be2 Bg5 13. Ncd5 Ne7 14. c4
Bxd5 15. Nxd5 Nc6 16. Bg4 Rb8 17. Qa4 O-O 18. O-O g6 19. Rad1 f5 20. exf5 gxf5
21. Bh3 Kh8 22. Ne3 Nd4 23. Rxd4 exd4 24. Nxf5 Bf6 25. Qa3 d5 26. c5 Qc7 27. b4
b6 28. Rc1 bxc5 29. bxc5 Rb5 30. c6 Rfb8 31. g3 Rb1 32. Kg2 Rxc1 33. Qxc1 Qe5
34. Bg4 {ZÜ} 1-0

[Event "Hellertaler SF 1 - SG Solingen 4"]
[Site "NRW-Klasse - Gruppe 4 2021/20"]
[Date "2021.11.07"]
[Round "1.4"]
[White "Petri, Raphael"]
[Black "Rittmann, Dirk"]
[Result "0-1"]
[WhiteElo "1868"]
[BlackElo "2016"]
[PlyCount "66"]
[EventDate "2021.??.??"]
[SourceVersionDate "2020.03.16"]
[WhiteTeam "Hellertaler SF 1"]
[BlackTeam "SG Solingen 4"]

1. e4 c5 2. Nf3 d6 3. Bb5+ Bd7 4. Bxd7+ Qxd7 5. O-O Nc6 6. c3 Nf6 7. Re1 e6 8.
d4 cxd4 9. cxd4 d5 10. e5 Ne4 11. Nbd2 Nxd2 12. Bxd2 Be7 13. a3 O-O 14. Rc1
Rfc8 15. h4 Rc7 16. Rc3 Na5 17. Rxc7 Qxc7 18. Qc1 Qxc1 19. Rxc1 Nc4 20. Bc3 Rc8
21. g3 Nxa3 22. Bd2 Rxc1+ 23. Bxc1 Nc4 24. Kf1 Kf8 25. Ke2 Ke8 26. Nd2 Kd7 27.
Kd3 Nxd2 28. Bxd2 h5 29. Kc2 Kc6 30. Kb3 Kb5 31. f3 a5 32. Be1 a4+ 33. Kc2 Kc4
0-1

[Event "Hellertaler SF 1 - SG Solingen 4"]
[Site "NRW-Klasse - Gruppe 4 2021/20"]
[Date "2021.11.07"]
[Round "1.5"]
[White "Goerke, Joachim"]
[Black "Mellmann, Matthias"]
[Result "1-0"]
[WhiteElo "2033"]
[BlackElo "1845"]
[PlyCount "93"]
[EventDate "2021.??.??"]
[SourceVersionDate "2020.03.16"]
[WhiteTeam "SG Solingen 4"]
[BlackTeam "Hellertaler SF 1"]

1. e4 e6 2. d4 d5 3. Nc3 Nf6 4. Bg5 Be7 5. e5 Nfd7 6. Bxe7 Qxe7 7. f4 O-O 8.
Nf3 c5 9. Be2 Nc6 10. O-O f6 11. exf6 Rxf6 12. g3 cxd4 13. Nb5 Nc5 14. Nbxd4
Bd7 15. Re1 Ne4 16. Nxc6 bxc6 17. Qd4 Be8 18. Bd3 Nc5 19. c3 Nxd3 20. Qxd3 Bg6
21. Qe3 Re8 22. Ne5 c5 23. Rad1 Qd6 24. Nxg6 hxg6 25. h4 a5 26. b3 Rf7 27. Qd3
Rf5 28. Re3 Re7 29. Rde1 d4 30. Re5 Kf7 31. R1e4 Rd7 32. g4 Rxe5 33. fxe5 Qe7
34. Rf4+ Kg8 35. g5 dxc3 36. Qxc3 Rd1+ 37. Rf1 Rxf1+ 38. Kxf1 Qf7+ 39. Ke2 Qf4
40. Qxc5 Qh2+ 41. Kd3 Qxa2 42. Qc8+ Kh7 43. Qxe6 a4 44. h5 Qxb3+ 45. Qxb3 axb3
46. e6 Kg8 47. h6 1-0

[Event "Hellertaler SF 1 - SG Solingen 4"]
[Site "NRW-Klasse - Gruppe 4 2021/20"]
[Date "2021.11.07"]
[Round "1.6"]
[White "Siebel, Holger"]
[Black "Speck, Stefan"]
[Result "1-0"]
[WhiteElo "1772"]
[BlackElo "1913"]
[PlyCount "81"]
[EventDate "2021.??.??"]
[SourceVersionDate "2020.03.16"]
[WhiteTeam "Hellertaler SF 1"]
[BlackTeam "SG Solingen 4"]

1. c4 c6 2. Nc3 d5 3. cxd5 cxd5 4. d4 Nf6 5. Nf3 Nc6 6. e3 Bg4 7. Qb3 Rb8 8.
Ne5 e6 9. Bb5 Rc8 10. Qa4 Qb6 11. f3 Bf5 12. g4 Bg6 13. h4 h6 14. Bxc6+ bxc6
15. Nxg6 fxg6 16. Qc2 Kf7 17. Bd2 Bd6 18. Kf2 c5 19. dxc5 Bxc5 20. h5 gxh5 21.
gxh5 Rhf8 22. Rag1 Rg8 23. Qg6+ Kf8 24. Na4 Qb5 25. Nxc5 Rxc5 26. Bc3 e5 27.
Bxe5 Rc6 28. Bxf6 Rxf6 29. Qc2 Rc6 30. Qd2 Kf7 31. Rc1 Rgc8 32. Rxc6 Qxc6 33.
Rd1 Ke6 34. Qd4 Rc7 35. Rd3 Qd6 36. f4 Rc2+ 37. Kf3 Rc7 38. Rd2 Rf7 39. a3 Rc7
40. Rg2 Qd7 41. Qe5+ 1-0

[Event "Hellertaler SF 1 - SG Solingen 4"]
[Site "NRW-Klasse - Gruppe 4 2021/20"]
[Date "2021.11.07"]
[Round "1.7"]
[White "Sereda, Yaroslava"]
[Black "Hassler, Rolf"]
[Result "1/2-1/2"]
[WhiteElo "1792"]
[BlackElo "1762"]
[PlyCount "70"]
[EventDate "2021.??.??"]
[SourceVersionDate "2020.03.16"]
[WhiteTeam "SG Solingen 4"]
[BlackTeam "Hellertaler SF 1"]

1. e4 e6 2. d4 Be7 3. Bd3 b6 4. Ne2 Ba6 5. O-O Bxd3 6. Qxd3 d5 7. e5 Nc6 8. c3
Qd7 9. Bf4 g5 10. Be3 Nh6 11. Ng3 Nf5 12. Nxf5 exf5 13. f4 g4 14. Bf2 h5 15.
Nd2 O-O-O 16. Rfe1 Qe6 17. Nf1 h4 18. g3 hxg3 19. Nxg3 Qh6 20. Qxf5+ Kb8 21.
Nf1 Bh4 22. Bxh4 Qxh4 23. Re2 Ne7 24. Qd3 Rdg8 25. Ng3 Ng6 26. Qe3 Qd8 27. f5
Nh4 28. Rf1 Nf3+ 29. Rxf3 gxf3 30. Qxf3 Qg5 31. f6 c6 32. Rg2 Qc1+ 33. Qf1 Qe3+
34. Qf2 Qc1+ 35. Qf1 Qe3+ 1/2-1/2

[Event "Hellertaler SF 1 - SG Solingen 4"]
[Site "NRW-Klasse - Gruppe 4 2021/20"]
[Date "2021.11.07"]
[Round "1.8"]
[White "Herfel, Manfred"]
[Black "Fodor, Bernhard"]
[Result "1-0"]
[WhiteElo "1715"]
[BlackElo "1290"]
[PlyCount "71"]
[EventDate "2021.??.??"]
[SourceVersionDate "2020.03.16"]
[WhiteTeam "Hellertaler SF 1"]
[BlackTeam "SG Solingen 4"]

1. d4 d5 2. c4 Nc6 3. Nf3 Nf6 4. Bf4 e6 5. e3 Bb4+ 6. Nc3 Bd7 7. Rc1 Nh5 8. Bg3
Nxg3 9. hxg3 Qe7 10. a3 Bxa3 11. bxa3 Qxa3 12. Be2 f6 13. cxd5 exd5 14. Nxd5
Qa5+ 15. Nc3 O-O-O 16. Kf1 Ne7 17. Qb3 Kb8 18. Nd2 Bc6 19. Bf3 Bxf3 20. Nxf3
Qa6+ 21. Kg1 h6 22. Kh2 Qc6 23. Rhd1 Rd6 24. Rb1 b6 25. Rdc1 Qe8 26. Nb5 Qh5+
27. Kg1 Rc6 28. Qa3 Rxc1+ 29. Qxc1 Rc8 30. Nxa7 Kxa7 31. Qa3+ Kb7 32. Qxe7 Qg6
33. Qb4 Qd3 34. Qb3 Qa6 35. d5 Rd8 36. Nd4 1-0

[Event "SV Weidenau/Geisweid 1 - Bergische SF 1"]
[Site "NRW-Klasse - Gruppe 4 2021/20"]
[Date "2021.11.07"]
[Round "1.1"]
[White "Bosbach, Stefan"]
[Black "Send, Sebastian"]
[Result "0-1"]
[WhiteElo "2018"]
[BlackElo "2173"]
[PlyCount "124"]
[EventDate "2021.??.??"]
[SourceVersionDate "2020.03.16"]
[WhiteTeam "Bergische SF 1"]
[BlackTeam "SV Weidenau/Geisweid 1"]

1. Nf3 Nf6 2. g3 e6 3. Bg2 a6 4. b3 c5 5. Bb2 b5 6. d3 Bb7 7. Nbd2 Be7 8. O-O
O-O 9. e4 d6 10. Ne1 Qb6 11. c4 Nc6 12. f4 Nd4 13. g4 Nd7 14. g5 f5 15. Bxd4
cxd4 16. exf5 exf5 17. Qe2 Rf7 18. Nc2 d5 19. cxb5 axb5 20. b4 Qc7 21. Nb3 Bd6
22. Qd2 Nf8 23. Ncxd4 Qb6 24. Kh1 Ng6 25. Rae1 Ra4 26. Re6 Nf8 27. Rxd6 Qxd6
28. Nc5 Qb6 29. Nxa4 Qxd4 30. Qc3 Qe3 31. Nc5 d4 32. Qb2 Bxg2+ 33. Qxg2 Ng6 34.
Qa8+ Rf8 35. Qd5+ Kh8 36. Qf3 Re8 37. Qf2 Kg8 38. Nb3 Rd8 39. Nc5 Re8 40. Nb3
Qxd3 41. Nxd4 Re4 42. Nxf5 Rxf4 43. Ne7+ Kf7 44. Nxg6 Qe4+ 45. Kg1 Rxf2 46.
Nh8+ Kg8 47. Rxf2 Qg4+ 48. Kh1 Qxg5 49. Nf7 Qd5+ 50. Kg1 Qxf7 51. Rxf7 Kxf7 52.
Kf2 Ke6 53. Ke3 Kd5 54. h4 g6 55. a3 h6 56. Kd3 g5 57. h5 g4 58. Ke3 Ke5 59.
Kf2 Kf5 60. a4 bxa4 61. b5 Ke5 62. b6 Kd6 0-1

[Event "SV Weidenau/Geisweid 1 - Bergische SF 1"]
[Site "NRW-Klasse - Gruppe 4 2021/20"]
[Date "2021.11.07"]
[Round "1.2"]
[White "Scholl, Patrick"]
[Black "Harringer, Manfred"]
[Result "0-1"]
[WhiteElo "2013"]
[BlackElo "2025"]
[PlyCount "86"]
[EventDate "2021.??.??"]
[SourceVersionDate "2020.03.16"]
[WhiteTeam "SV Weidenau/Geisweid 1"]
[BlackTeam "Bergische SF 1"]

1. c4 Nf6 2. g3 e6 3. Bg2 d5 4. Nf3 Be7 5. O-O O-O 6. b3 c5 7. cxd5 Nxd5 8. Bb2
Nc6 9. Nc3 Nxc3 10. Bxc3 Qc7 11. Rc1 e5 12. a3 Qd6 13. d3 Be6 14. Nd2 f6 15.
Bb2 Qd7 16. Ne4 Nd4 17. Nxc5 Bxc5 18. Rxc5 Nxb3 19. Rc3 Nd4 20. e3 Nc6 21. Qc2
Bd5 22. Bxd5+ Qxd5 23. Rc5 Qe6 24. Rb1 Rac8 25. Rc1 Ne7 26. Rc7 Nc6 27. Rxb7
Nd4 28. Qd1 Rxc1 29. Bxc1 Qc6 30. Rb4 Qxc1 31. Qxc1 Ne2+ 32. Kf1 Nxc1 33. d4
Rd8 34. dxe5 fxe5 35. Rb7 a6 36. Rb6 Rd1+ 37. Kg2 Nd3 38. Rxa6 Rd2 39. a4 Rxf2+
40. Kh3 h5 41. a5 Ne1 42. Re6 Nf3 43. g4 h4 0-1

[Event "SV Weidenau/Geisweid 1 - Bergische SF 1"]
[Site "NRW-Klasse - Gruppe 4 2021/20"]
[Date "2021.11.07"]
[Round "1.3"]
[White "Gelsok, Philipp"]
[Black "Meinhardt, Michael"]
[Result "1/2-1/2"]
[WhiteElo "1967"]
[BlackElo "2035"]
[PlyCount "66"]
[EventDate "2021.??.??"]
[SourceVersionDate "2020.03.16"]
[WhiteTeam "Bergische SF 1"]
[BlackTeam "SV Weidenau/Geisweid 1"]

1. e4 c6 2. c4 d5 3. cxd5 cxd5 4. exd5 Nf6 5. Nc3 Nxd5 6. Bc4 e6 7. Nf3 Be7 8.
O-O O-O 9. d4 Nc6 10. Bb3 b6 11. Re1 Bb7 12. Nxd5 exd5 13. Bf4 Bd6 14. Bg5 Qd7
15. a3 Rfe8 16. Qd3 Re4 17. Rxe4 dxe4 18. Qxe4 Nxd4 19. Qxd4 Bxf3 20. Bxf7+
Kxf7 21. Qc4+ Qe6 22. Qxe6+ Kxe6 23. gxf3 Kf5 24. Be3 Be5 25. Rb1 Rd8 26. b4
Rd3 27. a4 Ra3 28. a5 bxa5 29. Bxa7 axb4 30. Bc5 Rxf3 31. Kg2 Rc3 32. Bxb4 Rc2
33. Rb3 Rb2 1/2-1/2

[Event "SV Weidenau/Geisweid 1 - Bergische SF 1"]
[Site "NRW-Klasse - Gruppe 4 2021/20"]
[Date "2021.11.07"]
[Round "1.4"]
[White "Boyko, Oleksiy"]
[Black "Thelen, Harm-Wulf"]
[Result "0-1"]
[WhiteElo "1915"]
[BlackElo "1921"]
[PlyCount "74"]
[EventDate "2021.??.??"]
[SourceVersionDate "2020.03.16"]
[WhiteTeam "SV Weidenau/Geisweid 1"]
[BlackTeam "Bergische SF 1"]

1. d4 Nf6 2. c4 g6 3. Nc3 Bg7 4. e4 d6 5. Nf3 O-O 6. Be2 Nbd7 7. O-O e5 8. d5
Nc5 9. Qc2 a5 10. Bg5 h6 11. Bh4 g5 12. Bg3 Nh5 13. Nd2 Nf4 14. Rfe1 f5 15.
exf5 Bxf5 16. Nde4 g4 17. f3 Nxe2+ 18. Qxe2 gxf3 19. gxf3 Nd7 20. b3 b6 21. a3
Nc5 22. Rab1 a4 23. Nxc5 bxc5 24. Ne4 axb3 25. Rxb3 Qd7 26. Reb1 Ra7 27. Qb2
Qf7 28. Rb8 Bxe4 29. Rxf8+ Bxf8 30. fxe4 Qf3 31. Rf1 Qe3+ 32. Bf2 Qxa3 33. Qb8
Ra8 34. Qxc7 Ra7 35. Qc8 Rf7 36. Qe6 Qf3 37. h4 Kh8 0-1

[Event "SV Weidenau/Geisweid 1 - Bergische SF 1"]
[Site "NRW-Klasse - Gruppe 4 2021/20"]
[Date "2021.11.07"]
[Round "1.5"]
[White "Gutt, Oswald"]
[Black "Peutz, Arne"]
[Result "1/2-1/2"]
[WhiteElo "1851"]
[BlackElo "1849"]
[PlyCount "107"]
[EventDate "2021.??.??"]
[SourceVersionDate "2020.03.16"]
[WhiteTeam "Bergische SF 1"]
[BlackTeam "SV Weidenau/Geisweid 1"]

1. Nf3 d5 2. d4 Nf6 3. c4 e6 4. Nc3 Be7 5. Bg5 h6 6. Bxf6 Bxf6 7. e3 c6 8. Qc2
Nd7 9. cxd5 exd5 10. Bd3 O-O 11. O-O Be7 12. Rab1 Bd6 13. b4 b5 14. e4 dxe4 15.
Nxe4 Qc7 16. Rfc1 a5 17. Nxd6 Qxd6 18. Qxc6 Qxc6 19. Rxc6 axb4 20. Rxb4 Rxa2
21. h3 Nf6 22. Rc5 Ra3 23. Ne5 Be6 24. Rcxb5 Nd5 25. Rb3 Ra4 26. Nc6 Nf4 27.
Ne7+ Kh8 28. Rb8 Ra8 29. Rxf8+ Rxf8 30. Ra3 Nxd3 31. Rxd3 Re8 32. Nc6 Rc8 33.
Ne5 Bd5 34. Ng4 Kg8 35. Ne3 Be4 36. Ra3 Rd8 37. f3 Bc6 38. Rc3 Bb7 39. Nc2 Rd7
40. Kf2 Kf8 41. Re3 Bc6 42. Nb4 Bb7 43. Rd3 Ke7 44. Ke3 Kd6 45. Rc3 Re7+ 46.
Kd2 Re6 47. Re3 Rg6 48. Re2 h5 49. Kc3 h4 50. Ra2 Re6 51. Ra7 Kc7 52. d5 Rd6
53. Kd4 Kb6 54. Ke5 1/2-1/2

[Event "SV Weidenau/Geisweid 1 - Bergische SF 1"]
[Site "NRW-Klasse - Gruppe 4 2021/20"]
[Date "2021.11.07"]
[Round "1.6"]
[White "Piskorz, Andreas"]
[Black "Gutt, Stefan"]
[Result "1-0"]
[WhiteElo "1870"]
[BlackElo "1817"]
[PlyCount "101"]
[EventDate "2021.??.??"]
[SourceVersionDate "2020.03.16"]
[WhiteTeam "SV Weidenau/Geisweid 1"]
[BlackTeam "Bergische SF 1"]

1. Nf3 Nf6 2. b3 d5 3. Bb2 c5 4. e3 Nc6 5. Bb5 Bd7 6. O-O e6 7. d3 Bd6 8. Bxc6
Bxc6 9. Ne5 Qc7 10. f4 O-O-O 11. Nd2 h5 12. Qe2 Ne8 13. c4 f6 14. Nxc6 Qxc6 15.
cxd5 exd5 16. d4 Kb8 17. dxc5 Bxc5 18. Nf3 Qb6 19. Nd4 Nd6 20. Rac1 Ne4 21. a3
Rhe8 22. b4 Bd6 23. Qxh5 Nd2 24. Rfd1 Nc4 25. Rxc4 dxc4 26. Nf5 Rh8 27. Qe2
Bxf4 28. Rxd8+ Rxd8 29. Bd4 Qe6 30. Nxg7 Qe4 31. Nh5 Bg5 32. Ng3 Qb1+ 33. Nf1
Qe4 34. Nd2 Qc2 35. Kf2 b5 36. Nf3 Qf5 37. e4 Qf4 38. g3 Qc1 39. e5 f5 40. e6
Be7 41. Qe5+ Kc8 42. Qxf5 Rxd4 43. Nxd4 Qd2+ 44. Ne2 c3 45. Qxb5 c2 46. Qc4+
Kd8 47. Qf4 Qd6 48. Qe4 Qd2 49. Qa8+ Kc7 50. Qxa7+ Kd8 51. Qb8# 1-0

[Event "SV Weidenau/Geisweid 1 - Bergische SF 1"]
[Site "NRW-Klasse - Gruppe 4 2021/20"]
[Date "2021.11.07"]
[Round "1.7"]
[White "Metzing, Joachim"]
[Black "Dueber, Olaf"]
[Result "1-0"]
[WhiteElo "1828"]
[BlackElo "1923"]
[PlyCount "101"]
[EventDate "2021.??.??"]
[SourceVersionDate "2020.03.16"]
[WhiteTeam "Bergische SF 1"]
[BlackTeam "SV Weidenau/Geisweid 1"]

1. e4 e5 2. Nf3 Nc6 3. Bb5 a6 4. Bxc6 dxc6 5. d4 exd4 6. Qxd4 Bg4 7. Qxd8+ Rxd8
8. Nbd2 Ne7 9. O-O Ng6 10. h3 Be6 11. Re1 Be7 12. Nf1 h6 13. Ng3 O-O 14. Nh5
Bd6 15. Bd2 Ne5 16. Nd4 Bc8 17. Bc3 Rfe8 18. Rad1 f6 19. Ng3 Ng6 20. Ndf5 Be5
21. Bxe5 fxe5 22. Ne3 Be6 23. Rxd8 Rxd8 24. Rd1 Rd4 25. b3 b5 26. f3 Kf7 27.
Kf2 c5 28. Ne2 Rxd1 29. Nxd1 c4 30. b4 Ke7 31. Ne3 Kd6 32. Ng3 Ne7 33. Ke2 g6
34. Kd2 c5 35. a3 Nc6 36. Kc3 a5 37. bxc5+ Kxc5 38. h4 b4+ 39. axb4+ axb4+ 40.
Kb2 h5 41. Ne2 Nd4 42. Nc1 Nb5 43. Ne2 c3+ 44. Kb1 Nd4 45. Nc1 Bd7 46. Nd3+ Kd6
47. Nxb4 Ne2 48. Nc4+ Ke6 49. Nd3 Nd4 50. Nc5+ Ke7 51. Nxd7 1-0

[Event "SV Weidenau/Geisweid 1 - Bergische SF 1"]
[Site "NRW-Klasse - Gruppe 4 2021/20"]
[Date "2021.11.07"]
[Round "1.8"]
[White "Boushmelev, Daniel"]
[Black "Kremer, Thomas"]
[Result "1/2-1/2"]
[WhiteElo "1722"]
[BlackElo "1683"]
[PlyCount "42"]
[EventDate "2021.??.??"]
[SourceVersionDate "2020.03.16"]
[WhiteTeam "SV Weidenau/Geisweid 1"]
[BlackTeam "Bergische SF 1"]

1. Nf3 d5 2. c4 e6 3. d4 f5 4. Bg5 Nf6 5. e3 c6 6. Nc3 Bd6 7. Bd3 O-O 8. O-O
Qe8 9. cxd5 exd5 10. Bf4 Qe7 11. Bxd6 Qxd6 12. Ne5 Ne4 13. f3 Nf6 14. Qc2 g6
15. Rad1 Nbd7 16. Nxd7 Bxd7 17. Rfe1 Rae8 18. Qb3 Bc8 19. e4 fxe4 20. Nxe4 Qf4
21. Nxf6+ Qxf6 1/2-1/2

[Event "Godesberger SK 2 - SF Stadtverwaltung B"]
[Site "NRW-Klasse - Gruppe 4 2021/20"]
[Date "2021.11.07"]
[Round "1.1"]
[White "Horstmann, Olaf"]
[Black "Mantau, Jan"]
[Result "0-1"]
[WhiteElo "2125"]
[BlackElo "2184"]
[PlyCount "106"]
[EventDate "2021.??.??"]
[SourceVersionDate "2020.03.16"]
[WhiteTeam "SF Stadtverwaltung Bonn 1"]
[BlackTeam "Godesberger SK 2"]

1. e4 c5 2. d3 d6 3. g3 g6 4. Bg2 Bg7 5. f4 Nc6 6. Nf3 Nf6 7. O-O O-O 8. Nc3
Nd4 9. Nxd4 cxd4 10. Ne2 Qb6 11. Kh1 Bd7 12. c4 a5 13. a4 Bc6 14. Rb1 Nd7 15.
Qc2 Nc5 16. b3 f5 17. exf5 Bxg2+ 18. Kxg2 gxf5 19. Ba3 Nd7 20. Rbe1 Rf7 21. Ng1
e5 22. Nf3 Re8 23. fxe5 dxe5 24. Nh4 Qe6 25. Nf3 Qc6 26. Kg1 Nf8 27. Nh4 Qd7
28. Qg2 Ng6 29. Qh3 Nxh4 30. Qxh4 Re6 31. Qh5 Bh6 32. Bc1 Bxc1 33. Rxc1 Rg6 34.
Rce1 Qe6 35. Qf3 f4 36. Rf2 b6 37. Ref1 Rgf6 38. gxf4 Rxf4 39. Rg2+ Kf8 40.
Qa8+ Ke7 41. Re1 R4f5 42. Rg8 Qd6 43. Re8+ Kf6 44. Rg8 Rg7+ 45. Rxg7 Kxg7 46.
Qb7+ Kh6 47. Qe4 Qf6 48. Qd5 Rf4 49. Qg2 Qh4 50. Qe2 e4 51. dxe4 d3 52. Qe3
Qg5+ 53. Kh1 Rf1+ 0-1

[Event "Godesberger SK 2 - SF Stadtverwaltung B"]
[Site "NRW-Klasse - Gruppe 4 2021/20"]
[Date "2021.11.07"]
[Round "1.2"]
[White "Gerusel, Mathias"]
[Black "Suppert, Timur"]
[Result "1-0"]
[WhiteElo "2161"]
[BlackElo "2099"]
[PlyCount "149"]
[EventDate "2021.??.??"]
[SourceVersionDate "2020.03.16"]
[WhiteTeam "Godesberger SK 2"]
[BlackTeam "SF Stadtverwaltung Bonn 1"]

1. d4 f5 2. Nf3 g6 3. g3 Bg7 4. Bg2 Nf6 5. O-O O-O 6. Nbd2 d6 7. Re1 Nc6 8. Nc4
e6 9. b3 h6 10. Bb2 g5 11. e3 Qe8 12. a4 a6 13. Qe2 Bd7 14. Red1 Qg6 15. Ne1
Rae8 16. Nd3 Nd8 17. Nd2 Nh5 18. f4 b6 19. Bf3 g4 20. Bg2 a5 21. e4 c5 22. e5
cxd4 23. Bxd4 Nc6 24. Bb2 d5 25. Nb1 Rc8 26. c3 Rfd8 27. Qf2 Rb8 28. Na3 Ne7
29. Nb5 Qe8 30. Nd6 Qg6 31. Bf1 Nc8 32. Ba3 Bf8 33. Nb5 Bxb5 34. axb5 Qe8 35.
Bxf8 Qxf8 36. c4 Ng7 37. c5 bxc5 38. Nxc5 Nb6 39. Rxa5 Rdc8 40. b4 Qe7 41. Rda1
Ne8 42. Ra7 Rc7 43. Rxc7 Nxc7 44. Ra7 d4 45. Na6 Rc8 46. Rb7 Nbd5 47. Qxd4 Qd8
48. Bc4 Kh8 49. Nxc7 Rxc7 50. Rxc7 Qxc7 51. Qc5 Qd7 52. Bxd5 exd5 53. b6 d4 54.
Qd6 Qb5 55. Qxd4 Qe2 56. e6+ Kh7 57. Qe5 Qd1+ 58. Kf2 Qf3+ 59. Ke1 Qh1+ 60. Kd2
Qxh2+ 61. Kd3 Qxg3+ 62. Qe3 Qg2 63. e7 Qd5+ 64. Kc3 Qc6+ 65. Kb2 Qg2+ 66. Kc3
Qc6+ 67. Qc5 Qf3+ 68. Kb2 Qe2+ 69. Kb3 Qd3+ 70. Ka4 Qa6+ 71. Qa5 Qc8 72. b7
Qd7+ 73. Qb5 Qd1+ 74. Ka5 Qa1+ 75. Qa4 1-0

[Event "Godesberger SK 2 - SF Stadtverwaltung B"]
[Site "NRW-Klasse - Gruppe 4 2021/20"]
[Date "2021.11.07"]
[Round "1.3"]
[White "Wagner, Rainer"]
[Black "Mittmann, Johannes"]
[Result "1/2-1/2"]
[WhiteElo "2053"]
[BlackElo "2105"]
[PlyCount "73"]
[EventDate "2021.??.??"]
[SourceVersionDate "2020.03.16"]
[WhiteTeam "SF Stadtverwaltung Bonn 1"]
[BlackTeam "Godesberger SK 2"]

1. d4 d5 2. Nf3 Nf6 3. g3 Bf5 4. Bg2 e6 5. O-O h6 6. c4 c6 7. b3 Be7 8. Nc3 O-O
9. Bb2 Nbd7 10. Nd2 Rc8 11. e4 dxe4 12. Ndxe4 Nxe4 13. Nxe4 Nf6 14. Nc3 Re8 15.
Qd2 e5 16. Rad1 Qxd4 17. Qxd4 exd4 18. Rxd4 Rcd8 19. Na4 Bb4 20. a3 Rxd4 21.
Bxd4 Bxa3 22. Bxa7 Bc2 23. Bc5 Bxc5 24. Nxc5 b6 25. Rc1 Re2 26. Bf3 Rd2 27. Na4
b5 28. Nc5 bxc4 29. bxc4 g5 30. Kf1 Bf5 31. Kg2 Ng4 32. Bxg4 Bxg4 33. Ne4 Rd4
34. Nf6+ Kg7 35. Nxg4 Rxg4 36. Kf3 Rd4 37. Ke3 1/2-1/2

[Event "Godesberger SK 2 - SF Stadtverwaltung B"]
[Site "NRW-Klasse - Gruppe 4 2021/20"]
[Date "2021.11.07"]
[Round "1.4"]
[White "Koegler, Christof"]
[Black "Dehmel, Jens"]
[Result "0-1"]
[WhiteElo "2031"]
[BlackElo "2008"]
[Annotator "daniel"]
[PlyCount "94"]
[EventDate "2021.??.??"]
[SourceVersionDate "2020.03.16"]
[WhiteTeam "Godesberger SK 2"]
[BlackTeam "SF Stadtverwaltung Bonn 1"]

1. d4 d5 2. Nf3 Nf6 3. e3 Bf5 4. Bd3 Bxd3 5. Qxd3 c6 6. Nbd2 e6 7. O-O Be7 8.
b3 O-O 9. Bb2 c5 10. Rfd1 Nc6 11. a3 cxd4 12. Nxd4 Qc7 13. N2f3 Nxd4 14. Nxd4
Rac8 15. Rac1 Rfd8 16. Qe2 Qb6 17. Rd3 h6 18. c4 dxc4 19. Rdc3 Rd7 20. g3 Rdc7
$11 21. Rxc4 Nd5 22. e4 Nf6 23. Rxc7 Rxc7 24. Rxc7 Qxc7 25. Kg2 Bc5 26. f3 Bxd4
27. Bxd4 a6 28. Qd2 Nd7 29. a4 Qc6 30. g4 f6 31. h4 Kf7 32. g5 hxg5 33. hxg5 f5
34. exf5 exf5 35. Bb2 Nf8 36. Qd4 Ne6 37. Qe5 Kg6 38. Qe3 Nxg5 39. Bxg7 Nxf3
40. Bb2 Ng5+ 41. Kg1 Ne4 42. Ba3 Qc2 43. Qb6+ Kh5 44. Bf8 Qd1+ 45. Kg2 Qd2+ 46.
Kg1 Kh4 47. Be7+ Kh3 0-1

[Event "Godesberger SK 2 - SF Stadtverwaltung B"]
[Site "NRW-Klasse - Gruppe 4 2021/20"]
[Date "2021.11.07"]
[Round "1.5"]
[White "Hoefer, Severin Paul"]
[Black "Mueller-Boge, Michael"]
[Result "0-1"]
[WhiteElo "1998"]
[BlackElo "1984"]
[PlyCount "54"]
[EventDate "2021.??.??"]
[SourceVersionDate "2020.03.16"]
[WhiteTeam "SF Stadtverwaltung Bonn 1"]
[BlackTeam "Godesberger SK 2"]

1. Nf3 Nf6 2. c4 g6 3. b4 c5 4. a3 Bg7 5. Bb2 O-O 6. e3 b6 7. Be2 Bb7 8. O-O e6
9. Qb3 d6 10. d3 Qe7 11. Nc3 Nbd7 12. Rfd1 Rfb8 13. d4 d5 14. dxc5 dxc4 15.
Qxc4 bxc5 16. b5 Nb6 17. Qh4 Re8 18. a4 a5 19. bxa6 Bxa6 20. Nb5 Nfd5 21. Qxe7
Rxe7 22. Bxg7 Kxg7 23. Rdc1 c4 24. Bxc4 Nxc4 25. Rxc4 Bxb5 26. axb5 Rxa1+ 27.
Ne1 Rxe1# 0-1

[Event "Godesberger SK 2 - SF Stadtverwaltung B"]
[Site "NRW-Klasse - Gruppe 4 2021/20"]
[Date "2021.11.07"]
[Round "1.6"]
[White "Biedekoepper, Robert"]
[Black "Daniels, Klaus"]
[Result "0-1"]
[WhiteElo "1974"]
[BlackElo "1833"]
[PlyCount "92"]
[EventDate "2021.??.??"]
[SourceVersionDate "2020.03.16"]
[WhiteTeam "Godesberger SK 2"]
[BlackTeam "SF Stadtverwaltung Bonn 1"]

1. d4 c5 2. e3 g6 3. c4 Bg7 4. Nc3 b6 5. d5 e5 6. e4 d6 7. Bd3 Ne7 8. Nge2 O-O
9. O-O a6 10. Ng3 Kh8 11. a3 Ng8 12. Rb1 Qh4 13. Qe1 Nh6 14. f3 Nd7 15. Bd2 f5
16. Nge2 Qe7 17. g3 Nf6 18. Kg2 Qd7 19. Ng1 Nh5 20. h3 Nf7 21. b4 Bh6 22. bxc5
bxc5 23. Bxh6 Nxh6 24. Qd2 Nf7 25. Rb6 Qd8 26. Rfb1 Ng5 27. Bc2 f4 28. g4 Ng3
29. Nce2 Nxe2 30. Qxe2 h5 31. Qf2 Ra7 32. Kf1 Rh7 33. Ke2 Nxh3 34. Nxh3 hxg4
35. Ng1 g3 36. Qe1 g5 37. Kd3 Rh2 38. Bd1 Rf6 39. Rb8 Rfh6 40. Ra8 Ra2 41. Rbb8
Rxa3+ 42. Kc2 Qd7 43. Rxc8+ Kh7 44. Rh8+ Kg6 45. Rxh6+ Kxh6 46. Kd2 Qb7 0-1

[Event "Godesberger SK 2 - SF Stadtverwaltung B"]
[Site "NRW-Klasse - Gruppe 4 2021/20"]
[Date "2021.11.07"]
[Round "1.7"]
[White "Cremer, Jonas"]
[Black "Trunz, Michelle"]
[Result "1-0"]
[WhiteElo "1742"]
[BlackElo "1812"]
[PlyCount "83"]
[EventDate "2021.??.??"]
[SourceVersionDate "2020.03.16"]
[WhiteTeam "SF Stadtverwaltung Bonn 1"]
[BlackTeam "Godesberger SK 2"]

1. e4 c5 2. Nf3 d6 3. d4 cxd4 4. Nxd4 Nf6 5. Nc3 a6 6. Bg5 e6 7. f4 h6 8. Bh4
Be7 9. Qf3 Qc7 10. O-O-O b5 11. e5 Bb7 12. Qg3 Nh5 13. Qg4 g6 14. Bxe7 Qxe7 15.
exd6 Qf6 16. f5 exf5 17. Qe2+ Kf8 18. Kb1 Kg7 19. Qd2 Rd8 20. Be2 Kh7 21. Bxh5
gxh5 22. Rhf1 Bc8 23. Qd3 Rxd6 24. Ne4 Qe5 25. Nxd6 Qxd6 26. Qf3 Ra7 27. Nxf5
Qg6 28. Nh4 Qg4 29. Qd3+ f5 30. Nxf5 Bxf5 31. Rxf5 Qg6 32. Rdf1 Rg7 33. Rf7
Qxd3 34. cxd3 Nc6 35. Kc2 Nb4+ 36. Kd2 Nxa2 37. Rxg7+ Kxg7 38. d4 Nb4 39. Ke3
Nd5+ 40. Ke4 Nf6+ 41. Ke5 Ng4+ 42. Ke6 1-0

[Event "Godesberger SK 2 - SF Stadtverwaltung B"]
[Site "NRW-Klasse - Gruppe 4 2021/20"]
[Date "2021.11.07"]
[Round "1.8"]
[White "Henn, Peter"]
[Black "Huse, Johannes"]
[Result "0-1"]
[WhiteElo "1782"]
[BlackElo "1527"]
[PlyCount "92"]
[EventDate "2021.??.??"]
[SourceVersionDate "2020.03.16"]
[WhiteTeam "Godesberger SK 2"]
[BlackTeam "SF Stadtverwaltung Bonn 1"]

1. d4 Nf6 2. c4 g6 3. Nc3 Bg7 4. e4 d6 5. Bd3 O-O 6. Nge2 e5 7. d5 Ne8 8. O-O
f5 9. f4 Nd7 10. exf5 gxf5 11. Ng3 e4 12. Bc2 Nb6 13. Bb3 Nd7 14. Be3 Nc5 15.
Bd4 Nd3 16. Bxg7 Nxg7 17. Rb1 Qf6 18. Nge2 Kh8 19. Bc2 Nb4 20. a3 Nxc2 21. Qxc2
a6 22. Qd2 Bd7 23. Rfd1 Nh5 24. Qd4 Qxd4+ 25. Rxd4 Rg8 26. Nd1 Rg6 27. Ne3 Kg7
28. b4 Kf7 29. Kf2 Nf6 30. h3 Re8 31. Rd2 Nh5 32. Rb3 Reg8 33. Rdb2 b5 34. c5
c6 35. Rd2 dxc5 36. bxc5 cxd5 37. Rc3 Bc6 38. g4 fxg4 39. Nxg4 Rxg4 40. hxg4
Rxg4 41. Rh3 Kg6 42. Ke3 Nf6 43. Nd4 Bd7 44. Rhh2 Rg3+ 45. Kf2 Rxa3 46. Rc2
Ng4+ 0-1